[Event "24th ECC"]
[Site "Kallithea GRE"]
[Date "2008.10.17"]
[Round "1"]
[White "Jacobsen,Bo"]
[Black "Meins,G"]
[Result "0-1"]
[WhiteElo "2301"]
[BlackElo "2460"]

1.Nf3 d5 2.g3 Bg4 3.Bg2 Nd7 4.d3 e6 5.O-O Ngf6 6.c4 c6 7.b3 Be7 8.Bb2 O-O
9.Nbd2 a5 10.a3 h6 11.Qc2 Bf5 12.Rfe1 Bh7 13.Qc3 Re8 14.b4 Bf8 15.Qb3 axb4
16.axb4 Qe7 17.c5 b6 18.d4 Ne4 19.Ra3 bxc5 20.bxc5 Rab8 21.Qa2 Nxd2 22.Nxd2 e5
23.Ra6 exd4 24.Bxd4 Nxc5 25.Rxc6 Nd3 26.Rd1 Nb4 27.Qa4 Nxc6 28.Qxc6 Qxe2
29.Bf3 Qe6 30.Bxd5 Qxc6 31.Bxc6 Red8 32.Be3 Bb4 33.Bf3 Bxd2 34.Rxd2 Rxd2
35.Bxd2 Re8 36.Be3 Be4 37.Bxe4 Rxe4 38.h4 Kh7 39.Kg2 Kg6 40.Kf3 Ra4 41.Bb6 Kf5
42.Bc5 Kg6 43.Bb6 Kh5 44.Bc5 g5 45.hxg5 hxg5 46.Bb6 f5 47.Bc5 Rc4 48.Ba7 Rc3+
49.Kg2 Kg4 50.Bb6 Rc2 51.Ba7 f4 52.gxf4 gxf4 53.Bd4 f3+ 54.Kh2 Rc7 55.Be5 Rh7+
56.Kg1 Kh3 57.Kh1 Rd7 58.Bh2 Rd1+ 59.Bg1 Rd2  0-1

[Event "24th ECC"]
[Site "Kallithea GRE"]
[Date "2008.10.17"]
[Round "1"]
[White "D'Amore,C"]
[Black "Andersen,Ru2"]
[Result "1-0"]
[WhiteElo "2481"]
[BlackElo "2049"]

1.Nf3 d5 2.g3 Nf6 3.Bg2 e6 4.d3 Be7 5.Nbd2 O-O 6.O-O c5 7.e4 Nc6 8.Re1 dxe4
9.dxe4 e5 10.c3 Be6 11.Qc2 h6 12.Bf1 Qc7 13.Nc4 b5 14.Ne3 c4 15.Nh4 Rfd8
16.Bg2 Bf8 17.Qe2 b4 18.Nhf5 Rab8 19.Qf3 bxc3 20.bxc3 Rd3 21.Nxh6+ Kh7 22.Nhf5 Rxc3
23.g4 Nd4 24.Qg3 Rd3 25.Nxd4 Rxd4 26.g5 Nh5 27.Qh4 g6 28.Bf3 Kg8 29.Bxh5 gxh5  1-0

[Event "24th ECC"]
[Site "Kallithea GRE"]
[Date "2008.10.18"]
[Round "2"]
[White "Simjanovski,S"]
[Black "Stojanovic,Da"]
[Result "0-1"]
[WhiteElo "2223"]
[BlackElo "2455"]

1.Nf3 d5 2.g3 Nf6 3.Bg2 g6 4.c4 dxc4 5.O-O Bg7 6.Na3 O-O 7.Nxc4 Nc6 8.d3 Re8
9.Bf4 Nd5 10.Nce5 Nxf4 11.gxf4 Nxe5 12.fxe5 c6 13.Qa4 Qc7 14.Qf4 f6 15.Qc4+ Kh8
16.Rac1 Qd7 17.b4 Qg4 18.a4 a6 19.Qc5 Be6 20.Nd4 Bd5 21.e4 Bg8 22.Nc2 Qd7
23.d4 fxe5 24.dxe5 Rad8 25.Ne3 Qd4 26.f4 Bh6 27.Rcd1 Qxc5 28.bxc5 Rxd1 29.Nxd1 Rf8
30.f5 Bc4 31.Rf3 Be2 32.Rh3 Bxd1 33.Rxh6 Kg7 34.Rh3 Bxa4 35.Rg3 Rd8 36.fxg6 hxg6
37.Bh3 Rd1+ 38.Kf2 Rd2+ 39.Kg1 Bd1 40.Bc8 Rc2 41.Rd3 Rc1 42.Kf2 Ba4 43.Rd7 Kf8
44.Rd8+ Kg7 45.Rd7 Kf7 46.e6+ Kf6 47.e5+ Kg5 48.Rxe7 Rxc5 49.h4+ Kh6 50.Rxb7 Rxe5
51.Bd7 Bb5 52.Rb6 g5 53.hxg5+ Kxg5 54.Rb8 Kf6 55.Kf3 a5 56.Kf4 Re1 57.Rf8+ Ke7
58.Ra8 a4 59.Ra7 Kd6 60.Kf5 Re3 61.Bc8 c5 62.Ra5 Bc6 63.Kf4 Rf3+ 64.Kg4 Rf8
65.Bd7 Bxd7 66.exd7 Rd8 67.Ra6+ Kd5 68.Ra7 Kc6 69.Ra6+ Kb5 70.Rd6 a3 71.Rd2 a2
72.Rxa2 Rxd7 73.Kf4 Re7 74.Ra1 c4 75.Rb1+ Kc5 76.Rc1 Kb4  0-1

[Event "13th ECC w"]
[Site "Kallithea GRE"]
[Date "2008.10.18"]
[Round "2"]
[White "Foisor,C"]
[Black "Steil Antoni,F"]
[Result "1-0"]
[WhiteElo "2365"]
[BlackElo "2166"]

1.Nf3 d5 2.g3 Nf6 3.Bg2 e6 4.O-O Be7 5.d4 O-O 6.c4 dxc4 7.Qc2 a6 8.Qxc4 b5
9.Qc2 Bb7 10.Bg5 Be4 11.Qd2 c5 12.Nc3 Bb7 13.dxc5 Bxc5 14.Qxd8 Rxd8 15.Bxf6 gxf6
16.Rfd1 Nd7 17.Nd4 Bxg2 18.Kxg2 Ne5 19.e3 Bxd4 20.exd4 Nc4 21.b3 Nb6 22.g4 Kg7
23.Kf3 Rac8 24.Rac1 b4 25.Ne2 Rxc1 26.Rxc1 Rc8 27.Rxc8 Nxc8 28.Nf4 Nb6 29.Ke4 Kf8
30.d5 Ke7 31.dxe6 fxe6 32.h4 Kd6 33.f3 e5 34.Ne2 Nd5 35.Kd3 Nb6 36.Ng3 Kd5
37.Nf5 Nc8 38.h5 a5 39.Ne3+ Kc5 40.Nc4 Nd6 41.Nxd6 Kxd6 42.Kc4 e4 43.fxe4 Ke5
44.Kb5 Kxe4 45.Kxa5 Kf4 46.Kxb4 Kxg4 47.a4 f5 48.a5 f4 49.a6 f3 50.a7 f2
51.a8=Q f1=Q 52.Qg8+ Kxh5 53.Qxh7+ Kg5 54.Qg7+ Kh5 55.Qe5+ Kg6 56.Qe8+ Kg7
57.Qe3 Qd1 58.Kc4 Kf8 59.Qf4+ Ke7 60.Qe5+ Kf8 61.b4 Qc2+ 62.Kb5 Qd3+ 63.Kc5 Qa3
64.Qf4+ Ke7 65.Kb6 Qa2 66.Qc7+ Ke6 67.b5 Qa4 68.Qc6+ Ke7 69.Kb7 Qa1 70.b6 Qa2
71.Qc5+ Kd7 72.Qc7+ Ke8 73.Kb8 Qa3 74.b7 Qa4 75.Qd6 Qa2 76.Qc7 Qa4 77.Qc5 Kd7
78.Qd5+ Ke7 79.Kc7 Qf4+ 80.Kb6 Qb8 81.Qc5+ Kd7 82.Qc6+ Kd8 83.Qf6+  1-0

[Event "TCh-BEL 2008-9"]
[Site "Belgium BEL"]
[Date "2008.10.19"]
[Round "2"]
[White "Haub,TM"]
[Black "Marville,G"]
[Result "1-0"]
[WhiteElo "2454"]
[BlackElo "2078"]

1.Nf3 d5 2.g3 Nf6 3.d3 Bf5 4.Bg2 c6 5.Nbd2 Nbd7 6.O-O e5 7.Qe1 Bb4 8.a3 Qa5
9.Rb1 Bd6 10.e4 Be6 11.d4 Qc7 12.dxe5 Nxe5 13.Nd4 O-O 14.Nxe6 fxe6 15.b4 Qb6
16.Kh1 Nfg4 17.f4 Nxh2 18.Kxh2 Ng4+ 19.Kh3 Ne3 20.e5 Be7 21.Rf3 Nxc2 22.Qf2 Nd4
23.Rd3 Nb5 24.Qxb6 axb6 25.Nf3 Ra4 26.Rbb3 h6 27.Bf1 Rfa8 28.Be2 Kf7 29.Bd1 R4a7
30.Re3 Ra6 31.Be2 Rc8 32.Bxb5 cxb5 33.Rec3 Raa8 34.Nd4  1-0

[Event "12th Essent Open"]
[Site "Hoogeveen NED"]
[Date "2008.10.19"]
[Round "3"]
[White "Romanishin,O"]
[Black "Robson,R"]
[Result "0-1"]
[WhiteElo "2532"]
[BlackElo "2466"]

1.Nf3 d5 2.g3 Nf6 3.Bg2 c6 4.O-O Bg4 5.Ne5 Bh5 6.d4 Nbd7 7.c4 e6 8.Nc3 Bd6
9.Bf4 Qb8 10.cxd5 exd5 11.Nxd7 Nxd7 12.Bxd6 Qxd6 13.Qb3 Nb6 14.e4 dxe4 15.Nxe4 Qe7
16.a4 O-O 17.Nc3 Rad8 18.a5 Nc8 19.d5 c5 20.Rfe1 Qc7 21.Nb5 Qd7 22.h4 f6
23.Kh2 Bf7 24.Rad1 a6 25.Nc3 Nd6 26.Na4 Qc7 27.Rc1 Qxa5 28.Nxc5 Qd2 29.Kg1 Rfe8
30.Ne6 Rc8 31.Rcd1 Qa5 32.Bf1 Bg6 33.Ra1 Qd2 34.Qb6 Ne4 35.Re2 Qxd5 36.Nc7 Rxc7
37.Qxc7 Bh5 38.Re3 Qf5 39.f3 Bxf3 40.Rae1  0-1

[Event "12th Essent Open"]
[Site "Hoogeveen NED"]
[Date "2008.10.19"]
[Round "3"]
[White "Chapman,T"]
[Black "Van de Oudeweetering,A"]
[Result "1-0"]
[WhiteElo "2240"]
[BlackElo "2350"]

1.Nf3 d5 2.g3 c6 3.Bg2 Bg4 4.h3 Bh5 5.O-O Nd7 6.d3 Ngf6 7.Nbd2 e5 8.e4 dxe4
9.dxe4 Bc5 10.a4 O-O 11.Qe2 Re8 12.Qc4 Qc7 13.Nh4 a5 14.Nb3 Bb4 15.Bf3 Bg6
16.Nxg6 hxg6 17.Be3 Red8 18.Kg2 Be7 19.Rfd1 Nb6 20.Rxd8+ Rxd8 21.Qe2 Nc8
22.Nd2 Nd6 23.Nc4 Nxc4 24.Qxc4 b6 25.c3 Qb7 26.Qb3 Nd7 27.Rd1 Qc7 28.Be2 Nc5
29.Qc2 Rxd1 30.Bxd1 Qd6 31.Be2 Nd7 32.Bc4 Qf6 33.Qb3 Bc5 34.Bxc5 Nxc5 35.Qxb6 Nxe4
36.Be2 Qe6 37.Bf3 Ng5 38.Qd8+ Kh7 39.Qxg5 f5 40.Qh4+  1-0

[Event "24th ECC"]
[Site "Kallithea GRE"]
[Date "2008.10.19"]
[Round "3"]
[White "Johannesson,I"]
[Black "Mitkov,M"]
[Result "1/2-1/2"]
[WhiteElo "2355"]
[BlackElo "2372"]

1.Nf3 d5 2.g3 Nf6 3.Bg2 c6 4.d3 Bg4 5.O-O Nbd7 6.c4 e6 7.cxd5 exd5 8.Qc2 Be7
9.Nc3 O-O 10.e4 Nc5 11.h3 Bxf3 12.Bxf3 dxe4 13.dxe4 Qd3 14.Qxd3 Nxd3 15.Be3 Rfd8
16.Rab1 Bc5 17.Bxc5 Nxc5 18.Rfd1 a5 19.Bg2 Re8 20.f3 Rad8 21.Bf1 g5 22.Rxd8 Rxd8
23.Rd1 Re8 24.Rd6 Kg7 25.Nd1 Re6 26.Rd2 Nfd7 27.Ne3 Ne5 28.Be2 h5 29.Nf5+ Kh7
30.Rd8 Ng6 31.g4 hxg4 32.hxg4 Ne7 33.Bc4 Nxf5 34.gxf5 Re7 35.f6 Rd7 36.Rxd7 Nxd7
37.Bxf7 Nxf6 38.e5 Kg7 39.Be6 Nd5 40.Kf2 Nf4 41.Bc8 Nd3+ 42.Ke3 Nxe5 43.Bxb7 Nc4+
44.Kd4 Nxb2 45.Bxc6 Kf6 46.Bd7 Nd1 47.a3 Nf2 48.Bc8 Nd1 49.Kc4 Ke5 50.Kb5 Kf4
51.Bg4 Ne3 52.Bh5 Nd5 53.Kxa5 Nf6 54.Bf7 Kxf3 55.Be6 g4 56.Bxg4+  1/2-1/2

[Event "24th ECC"]
[Site "Kallithea GRE"]
[Date "2008.10.19"]
[Round "3"]
[White "Hausrath,D"]
[Black "Akopian,G"]
[Result "1-0"]
[WhiteElo "2493"]
[BlackElo "2261"]

1.Nf3 d5 2.g3 c6 3.Bg2 Bf5 4.O-O h6 5.c4 e6 6.d3 Nf6 7.Be3 dxc4 8.dxc4 Qxd1
9.Rxd1 Nbd7 10.Nc3 Be7 11.Nd4 Bg6 12.Nb3 a5 13.Na4 O-O 14.Rac1 Rfd8 15.h3 Be4
16.Bxe4 Nxe4 17.Rxd7 Rxd7 18.Nb6 Rdd8 19.Nxa8 Rxa8 20.a4 Bg5 21.Bxg5 hxg5
22.Rd1 Nf6 23.Rd3 Kf8 24.Nd2 b6 25.Nf3 Ne4 26.Ne5 Nc5 27.Nd7+ Nxd7 28.Rxd7 b5
29.cxb5 cxb5 30.b3 bxa4 31.bxa4 Rc8 32.Ra7 Rc5 33.Kg2 g6 34.g4 Kg7 35.Kf3 Kf6
36.Ke3 Ke5 37.Kd3 f5 38.Rg7 Kf6 39.Rb7 Ke5 40.Rb6 Kd5 41.f3 f4 42.Ra6 Ke5
43.Ra8 Kf6 44.Rd8 Re5 45.Rf8+ Ke7 46.Ra8 Kf6 47.Ra7 Re3+ 48.Kd2 Re5 49.e4 fxe3+
50.Ke2 Rc5 51.Kxe3 Ke5 52.Kd3 Kf4 53.Rf7+ Ke5 54.Rg7 Kf6 55.Ra7 Ke5 56.Ra6 Kf6
57.Kd4 Rd5+ 58.Kc4 Ke5 59.Rc6 Rd4+ 60.Kb5 Rd3 61.Kxa5 Rxf3 62.Rc5+ Kf4 63.Rc4+ Kg3
64.Kb5 e5 65.a5 Rb3+ 66.Ka4 Rb1 67.a6 Ra1+ 68.Kb5 Kf3 69.Ra4 Rb1+ 70.Kc6 Rb8
71.a7 Ra8 72.Ra3+ Kf4 73.Kb7 Re8 74.a8=Q Rxa8 75.Rxa8 e4 76.Re8 e3 77.Kc6 Kf3
78.Kd5 e2 79.Re4 Kf2 80.Ke6  1-0

[Event "24th ECC"]
[Site "Kallithea GRE"]
[Date "2008.10.20"]
[Round "4"]
[White "Zickus,S"]
[Black "Seitaj,I"]
[Result "1-0"]
[WhiteElo "2315"]
[BlackElo "2391"]

1.Nf3 d5 2.g3 Nf6 3.Bg2 c5 4.O-O Nc6 5.d4 e6 6.c4 Be7 7.cxd5 exd5 8.Nc3 O-O
9.dxc5 d4 10.Na4 Bf5 11.Ne1 Re8 12.Nd3 Be4 13.Bxe4 Nxe4 14.Qc2 Rc8 15.b4 Bf6
16.Bf4 g5 17.Bd2 b5 18.cxb6 Nxb4 19.Qd1 Nxd3 20.exd3 Nc3 21.Bxc3 dxc3 22.b7 Rb8
23.Qf3 Bg7 24.Rac1 g4 25.Qxg4 Rxb7 26.Nxc3 Qxd3 27.Rfd1 Qg6 28.Qf3 Rc7 29.Nd5 Rxc1
30.Rxc1 Bd4 31.Rc4 Qa6 32.Qd3 Bg7 33.a4 Qg6 34.Qf3 Qa6 35.Re4 Rb8 36.Kg2 Rf8
37.h4 Kh8 38.Ne7 Ba1 39.Nf5 Bf6 40.Rb4 Qe6 41.Rb7 a6 42.Rc7 Rc8 43.Rxc8+ Qxc8
44.Qd5 Qc7 45.Nd6 Kg8 46.Qa8+ Bd8 47.Qxa6 Qc5 48.Ne4 Qd5 49.f3 f5 50.Qd6 Qa5
51.Qe6+ Kg7 52.Nd6  1-0

[Event "12th Essent Open"]
[Site "Hoogeveen NED"]
[Date "2008.10.21"]
[Round "5"]
[White "Chapman,T"]
[Black "Tan,Mat"]
[Result "0-1"]
[WhiteElo "2240"]
[BlackElo "2321"]

1.Nf3 d5 2.g3 Nf6 3.Bg2 c6 4.O-O Bg4 5.h3 Bh5 6.d3 Nbd7 7.Nbd2 e5 8.e4 Bd6
9.exd5 cxd5 10.c4 d4 11.Qc2 O-O 12.Nh4 Qc7 13.Nf5 Bg6 14.Nxd6 Qxd6 15.Rd1 Nc5
16.Nb3 Rab8 17.Nxc5 Qxc5 18.a3 Rfe8 19.b4 Qc8 20.Qb2 h6 21.Ra2 b5 22.cxb5 Qe6
23.a4 Nd5 24.Ra3 Nc3 25.Re1 Bxd3 26.Rxc3 dxc3 27.Qxc3 e4 28.Be3 Rbc8 29.Bc5 Rc7
30.Qd4 Rd7 31.Qb2 f5 32.Qc1 Rf7 33.Qe3 Qb3 34.Ra1 g5 35.Bxa7 f4 36.Qb6 e3
37.fxe3 fxe3 38.Qxh6 Rxa7 39.Qxg5+ Kf8 40.Qc5+ Rae7 41.Qd4 e2 42.Re1 Qc4
43.Qf6+ Kg8 44.Qg5+ Kh7 45.Qh5+ Kg7 46.Qg5+ Bg6 47.Qc5 Rc7 48.Bc6 Qxc5+ 49.bxc5 Re5
50.a5 Rxc6 51.bxc6 Bd3 52.Kf2 Rxc5 53.Ra1 Rxc6 54.Ke3 Ba6  0-1

[Event "13th ECC w"]
[Site "Kallithea GRE"]
[Date "2008.10.21"]
[Round "5"]
[White "Stojanovic,An"]
[Black "Congiu,M"]
[Result "1-0"]
[WhiteElo "2357"]
[BlackElo "2230"]

1.Nf3 d5 2.g3 Nf6 3.Bg2 Bg4 4.O-O Nbd7 5.d3 e5 6.c4 c6 7.cxd5 cxd5 8.h3 Bxf3
9.Bxf3 Be7 10.Nc3 Nb6 11.Bg5 O-O 12.Qb3 d4 13.Bxf6 Bxf6 14.Ne4 Be7 15.Rfc1 Rc8
16.a4 Rc7 17.a5 Nc8 18.Qb5 f6 19.Nc5 Bxc5 20.Rxc5 Nd6 21.Qb3+ Kh8 22.Rac1 Rff7
23.Qc2 Nb5 24.Qb3 Nd6 25.Qb4 g6 26.Rxc7 Rxc7 27.Rxc7 Qxc7 28.Bxb7 Kg7 29.a6 Qc1+
30.Kg2 Qc7 31.Qb3 h5 32.Qd5 h4 33.g4 Nf7 34.b4 f5 35.gxf5 gxf5 36.Qe6 Nd8
37.Qxf5 Nxb7 38.Qg5+ Kh8 39.Qxh4+ Kg7 40.Qg5+ Kf7 41.Qf5+ Kg8 42.Qg4+ Kf7
43.axb7  1-0

[Event "WYCC Girls U16"]
[Site "Vung Tau City VIE"]
[Date "2008.10.21"]
[Round "2"]
[White "Trubitsyna,Y"]
[Black "Papp,P"]
[Result "0-1"]
[WhiteElo "1908"]
[BlackElo "2126"]

1.Nf3 d5 2.g3 Nf6 3.Bg2 c6 4.O-O Bg4 5.d3 Nbd7 6.Nbd2 e5 7.h3 Bh5 8.c3 Bd6
9.Qc2 O-O 10.e4 Re8 11.Re1 Bf8 12.Nf1 dxe4 13.dxe4 Nc5 14.Bg5 h6 15.Rad1 Qe7
16.Bxf6 Qxf6 17.N1h2 Rad8 18.b4 Ne6 19.Ng4 Bxg4 20.hxg4 Nc7 21.Re3 c5 22.Red3 Rxd3
23.Rxd3 Qc6 24.bxc5 Bxc5 25.Nd2 Qe6 26.Nb3 Be7 27.Bf3 Rd8 28.Rxd8+ Bxd8 29.Qd3 Be7
30.Be2 b6 31.Qc4 Qxc4 32.Bxc4 Ba3 33.Bd5 Nb5 34.Nd2 Bd6 35.c4 Nc3 36.Nf3 Kf8
37.g5 hxg5 38.Nxg5 f6 39.Ne6+ Kg8 40.Nd8+ Kh7 41.Nc6 a5 42.Kf1 Bc5 43.f4 exf4
44.gxf4 Nxa2 45.e5 fxe5 46.fxe5 Kg6 47.Ke2 Kf5 48.Kd2 Nb4 49.Nxb4 Bxb4+ 50.Kc2 Kxe5
51.Kb3 g5 52.Ka4 g4 53.Kb5 Bc5 54.Ka4 Kd4 55.Kb5 Ke3 56.Ka4 g3 57.Kb5 Kf2
58.Ka4 g2 59.Bxg2 Kxg2 60.Kb5 Kf3 61.Ka4 Ke4 62.Kb5 Kd4 63.Ka4 Kc3  0-1

[Event "24th ECC"]
[Site "Kallithea GRE"]
[Date "2008.10.22"]
[Round "6"]
[White "Dizdar,G"]
[Black "Martin Alvarez,I"]
[Result "1-0"]
[WhiteElo "2551"]
[BlackElo "2212"]

1.Nf3 d5 2.g3 Nf6 3.Bg2 c6 4.c4 Bf5 5.cxd5 cxd5 6.Qb3 Qc8 7.Nc3 Nc6 8.Nxd5 Nxd5
9.Qxd5 e6 10.Qb5 a6 11.Qa4 b5 12.Qf4 Nb4 13.Nd4 Bc5 14.Nxf5 Nc2+ 15.Kd1 Nxa1
16.Nxg7+ Kf8 17.Qf6 Kg8 18.Nxe6 Qxe6 19.Qxe6 fxe6 20.Bxa8 Kf7 21.Be4  1-0

[Event "13th ECC w"]
[Site "Kallithea GRE"]
[Date "2008.10.22"]
[Round "6"]
[White "Dragovic,N"]
[Black "Kovalevskaya,E"]
[Result "0-1"]
[WhiteElo "2011"]
[BlackElo "2439"]

1.Nf3 d5 2.g3 Nf6 3.Bg2 c6 4.O-O Bf5 5.d3 h6 6.Nbd2 e6 7.Re1 Be7 8.b3 O-O
9.Bb2 Nbd7 10.c4 Bh7 11.a3 a5 12.Ne5 Nxe5 13.Bxe5 Qb6 14.Nf3 Rfd8 15.Bd4 c5
16.Bc3 a4 17.Rb1 Qa6 18.Bxf6 Bxf6 19.cxd5 exd5 20.bxa4 c4 21.Rb5 Qxa4 22.Rxb7 Qxa3
23.d4 Rab8 24.Rxb8 Rxb8 25.Ne5 Rb1 26.Qxb1 Bxb1 27.Rxb1 Bxe5 28.dxe5 c3 29.Rb8+ Qf8
30.Rb7 c2 31.Rc7 Qb8 32.Bf1  0-1

[Event "WYCC Girls U16"]
[Site "Vung Tau City VIE"]
[Date "2008.10.22"]
[Round "3"]
[White "Yang,M"]
[Black "Thilaganathan,J"]
[Result "0-1"]
[WhiteElo "2052"]
[BlackElo "1891"]

1.Nf3 d5 2.g3 Nf6 3.Bg2 e6 4.d3 Be7 5.O-O c5 6.Nbd2 Nc6 7.e4 d4 8.Nc4 Nd7
9.a4 e5 10.c3 O-O 11.Bd2 Re8 12.Ne1 b6 13.f4 f6 14.f5 a6 15.Qg4 Kh8 16.Nf3 Rb8
17.Nh4 Nf8 18.Qh3 b5 19.axb5 axb5 20.Na3 dxc3 21.bxc3 b4 22.cxb4 cxb4 23.g4 bxa3
24.Ng6+ Kg8 25.Nxf8 Rxf8 26.Be3 Rb3 27.Rf3 Nd4 28.Rf2 Rxd3 29.Bf1 Rc3 30.Rd2 Bc5
31.Rad1 Qb6 32.Kf2 Nc2 33.Rd3 Nxe3  0-1

[Event "WYCC Boys U18"]
[Site "Vung Tau City VIE"]
[Date "2008.10.22"]
[Round "4"]
[White "Ponizil,C"]
[Black "Dang The Nam"]
[Result "1-0"]
[WhiteElo "2251"]
[BlackElo "2142"]

1.Nf3 d5 2.g3 Nf6 3.Bg2 Nbd7 4.O-O e5 5.d3 g6 6.e4 dxe4 7.dxe4 Bg7 8.Qe2 O-O
9.b3 Qe7 10.Ba3 c5 11.Nc3 b6 12.Rad1 Bb7 13.Rfe1 Rfe8 14.Nd2 Rab8 15.Bb2 Kh8
16.a4 Nf8 17.Nc4 Rbd8 18.Nb5 Rxd1 19.Rxd1 Ng8 20.Nbd6 Rb8 21.Bxe5 Bxe5 22.Nxe5 Nh6
23.Nec4 Ba6 24.Qd2 Kg7 25.Qf4 Rd8 26.Qe5+ Qxe5 27.Nxe5 Ne6 28.Nc6 Rf8 29.c3 Ng8
30.e5 f6 31.Bd5 Nc7 32.e6 Be2 33.Rd2 Nxd5 34.Rxe2 Nde7 35.Nxe7 Nxe7 36.Rd2 f5
37.Nb5 Kf6 38.Nxa7 Kxe6 39.Nb5 Nc8 40.f4 Ke7 41.Kf2 Rd8 42.Re2+ Kf7 43.Ra2 Ne7
44.Na3 Rd3 45.Rc2 Nd5 46.Nc4 Rd1 47.Ke2 Rh1 48.Kd3 h5 49.Re2 Rd1+ 50.Kc2 Rh1
51.Kb2 Rf1 52.Rd2  1-0

[Event "Guernsey Open"]
[Site "Guernsey GCI"]
[Date "2008.10.23"]
[Round "5"]
[White "Norman,K"]
[Black "Viviani,P"]
[Result "1-0"]
[WhiteElo "2192"]
[BlackElo "1939"]

1.Nf3 d5 2.g3 Nf6 3.Bg2 c5 4.O-O Nc6 5.d4 cxd4 6.Nxd4 e5 7.Nxc6 bxc6 8.c4 Bb7
9.cxd5 cxd5 10.Qa4+ Qd7 11.Qxd7+ Nxd7 12.Nc3 Nb6 13.Nb5 Kd7 14.Rd1 g6 15.Be3 Kc6
16.Nc3 e4 17.Rac1 Kd7 18.Nxe4  1-0

[Event "12th Essent Open"]
[Site "Hoogeveen NED"]
[Date "2008.10.23"]
[Round "7"]
[White "Chapman,T"]
[Black "Strating,S"]
[Result "0-1"]
[WhiteElo "2240"]
[BlackElo "2335"]

1.Nf3 d5 2.g3 c6 3.Bg2 Nf6 4.O-O h6 5.d3 Bf5 6.Nbd2 e6 7.b3 Bc5 8.e3 O-O
9.Bb2 a5 10.a3 Nbd7 11.Qe2 Bh7 12.e4 b5 13.Kh1 Qb6 14.e5 Ne8 15.g4 Be7 16.Ne1 c5
17.f4 f5 18.c4 Nc7 19.Rg1 Rae8 20.gxf5 Bxf5 21.Bf3 Kh7 22.Ne4 bxc4 23.bxc4 Rb8
24.Bc1 Rg8 25.Ng3 g6 26.cxd5 Nxd5 27.Nxf5 gxf5 28.Rxg8 Rxg8 29.Ng2 Nb8 30.Qa2 Qd8
31.Bxd5 exd5 32.Ne3 c4 33.Nxf5 Qd7 34.Ng3 Bh4 35.Qg2 Bxg3 36.hxg3 c3 37.Be3 Qg4
38.Bf2 c2 39.Rc1 Qd1+ 40.Qg1 Qxd3 41.Kh2 Nc6 42.Qg2 Qd2 43.Rf1 c1=Q 44.Rxc1 Qxc1
45.Qxd5 Qc2 46.Kg2 Ne7 47.Qe6 Nf5 48.Kf1 Qd3+  0-1

[Event "12th Essent Open"]
[Site "Hoogeveen NED"]
[Date "2008.10.23"]
[Round "7"]
[White "Archangelsky,M"]
[Black "Clemens,A"]
[Result "1/2-1/2"]
[WhiteElo "2276"]
[BlackElo "2261"]

1.Nf3 d5 2.g3 Nf6 3.Bg2 c6 4.O-O Bf5 5.d3 h6 6.c4 e6 7.Qb3 Qb6 8.Be3 Qxb3
9.axb3 a6 10.Bd2 Nbd7 11.Bc3 Be7 12.Nbd2 O-O 13.b4 dxc4 14.dxc4 Ne4 15.Nxe4 Bxe4
16.Rfd1 Nb6 17.Nd2 Bxg2 18.Kxg2 Rfd8 19.e4 c5 20.bxc5 Bxc5 21.Nb3 Rxd1 22.Rxd1 Bf8
23.c5 Na4 24.Bd4 e5 25.Bxe5 Nxc5 26.Nxc5 Bxc5 27.Rd7 b5 28.Rc7 Bf8 29.f4 Rd8
30.Kf3 f6 31.Bc3 b4 32.Be1 Rd3+ 33.Ke2 Rb3 34.e5 Rxb2+ 35.Kd3 fxe5 36.fxe5 Rxh2
37.Rc8 Kf7 38.e6+ Kxe6 39.Rxf8 a5 40.Ra8 Rh5 41.Ra6+ Kf7 42.Kc4 Rf5 43.Bd2 h5
44.Bf4 h4 45.Ra8 h3 46.Rh8 g5 47.Bc7 g4 48.Rh4 Rf3 49.Bxa5 b3 50.Bc3 Rxg3
51.Kxb3 Kg6 52.Kc4 Kg5 53.Rh8 Rxc3+ 54.Kxc3 Kf4 55.Kd4 g3 56.Rh4+ Kf3 57.Rxh3 Kf2
58.Rxg3 Kxg3  1/2-1/2

[Event "13th ECC w"]
[Site "Kallithea GRE"]
[Date "2008.10.23"]
[Round "7"]
[White "Stojanovic,An"]
[Black "Pitam,E"]
[Result "1-0"]
[WhiteElo "2357"]
[BlackElo "2295"]

1.Nf3 d5 2.g3 Nf6 3.Bg2 Bf5 4.O-O e6 5.d3 c6 6.Nbd2 h6 7.Qe1 Be7 8.e4 dxe4
9.dxe4 Bh7 10.Qe2 Nbd7 11.b3 O-O 12.Bb2 Nc5 13.Ne5 Qc7 14.Ng4 Ncd7 15.Nxf6+ Nxf6
16.e5 Nd7 17.Rac1 Rad8 18.f4 Qa5 19.Nc4 Qa6 20.Bf3 b5 21.Nd6 Qxa2 22.Bd4 c5
23.Bf2 a6 24.Rfd1 Nb8 25.Bxc5 Rd7 26.b4 Rc7 27.c4 Qxe2 28.Bxe2 bxc4 29.Bxc4 g5
30.Kf2 Bg6 31.Ke3 Kh7 32.Be2 Rg8 33.Bb6 Rc6 34.Ba7 Kg7 35.Bf3 Rxc1 36.Rxc1 gxf4+
37.gxf4 Rd8 38.Rc7 Bh4 39.Rb7 Nd7 40.Bc6 Nf8 41.Bb6 Ra8 42.Ba5 Be1 43.Rb6 Ra7
44.Rb8 h5 45.Bb6 Re7 46.Bd8 Bh4 47.Bxe7 Bxe7 48.Rb7 Bh4 49.Be8 Be1 50.Nxf7 Bxf7
51.Rxf7+ Kg8 52.Rb7 h4 53.h3 Bc3 54.Ke4 Be1 55.f5  1-0

[Event "24th ECC"]
[Site "Kallithea GRE"]
[Date "2008.10.23"]
[Round "7"]
[White "Hausrath,D"]
[Black "Dreev,A"]
[Result "0-1"]
[WhiteElo "2493"]
[BlackElo "2670"]

1.Nf3 d5 2.g3 c6 3.Bg2 Bf5 4.c4 e6 5.cxd5 exd5 6.O-O Nf6 7.d3 Be7 8.Qb3 Qb6
9.Qc2 O-O 10.Nc3 h6 11.e4 Bh7 12.Be3 Qa6 13.Rfe1 Bb4 14.Bd4 Nbd7 15.a3 Bc5
16.Bxc5 Nxc5 17.Nxd5 cxd5 18.Qxc5 dxe4 19.dxe4 Bxe4 20.Bf1 Qa4 21.Bb5 Qb3
22.Ne5 Qxb2 23.Bc4 Rae8 24.Nd3 Qd2 25.Rad1 Qg5 26.f4 Qxc5+ 27.Nxc5 Bf3 28.Rxe8 Rxe8
29.Rc1 Bc6 30.Nb3 Rd8 31.Na5 Be4 32.Be2 Rd2 33.Kf1 Ra2 34.Rc8+ Kh7 35.Nc4 Bf5
36.Rb8 Ne4 37.Ne3 Bh3+ 38.Ke1 Rxa3 39.Nc2 Rb3 40.Bc4 Rb1+ 41.Ke2 Bf1+ 42.Ke3 Bxc4
43.Kxe4 a5 44.Ne3 Ba6 45.Rf8 a4  0-1

[Event "LiraH Autumn"]
[Site "Lichtenrade GER"]
[Date "2008.10.23"]
[Round "6"]
[White "Koenig,Fr"]
[Black "Sawlin,M"]
[Result "0-1"]
[WhiteElo "1982"]
[BlackElo "2227"]

1.Nf3 d5 2.g3 g6 3.Bg2 Bg7 4.O-O e5 5.d3 Ne7 6.Nbd2 O-O 7.c3 c5 8.e4 Nbc6
9.Re1 h6 10.exd5 Nxd5 11.Nc4 Re8 12.a4 Nb6 13.Nxb6 axb6 14.Be3 Bf5 15.d4 exd4
16.cxd4 cxd4 17.Bd2 Rxe1+ 18.Bxe1 d3 19.Bc3 Bxc3 20.bxc3 Qf6 21.Qb3 b5 22.Nd2 Rxa4
23.Rc1 Ra5 24.Re1 Be6 25.Qb2 Ra2 26.Ne4 Rxb2 27.Nxf6+ Kg7 28.Ne4 Bb3 29.Bf3 Ne5
30.Bd1 Rb1  0-1

[Event "Guernsey Open"]
[Site "Guernsey GCI"]
[Date "2008.10.24"]
[Round "6"]
[White "Bellin,R"]
[Black "Wismayer,C"]
[Result "1/2-1/2"]
[WhiteElo "2405"]
[BlackElo "2111"]

1.Nf3 d5 2.g3 Bg4 3.Bg2 Nd7 4.c4 e6 5.Qa4 Bxf3 6.Bxf3 c6 7.cxd5 exd5 8.d4 Ngf6
9.Nc3 Bd6 10.Qc2 O-O 11.g4 Qe7 12.g5 Ne8 13.h4  1/2-1/2

[Event "LiraH Autumn"]
[Site "Lichtenrade GER"]
[Date "2008.10.24"]
[Round "7"]
[White "Lueders,Ge"]
[Black "Rivera,B"]
[Result "1-0"]
[WhiteElo "2219"]
[BlackElo "1948"]

1.Nf3 d5 2.g3 Nc6 3.d4 Bf5 4.Bg2 Nf6 5.O-O e6 6.c4 Be7 7.Ne5 O-O 8.Nxc6 bxc6
9.c5 Qd7 10.f4 h5 11.Nd2 Ne4 12.Nf3 f6 13.Nh4 g5 14.Nxf5 exf5 15.e3 Kg7 16.Bxe4 dxe4
17.Bd2 Rh8 18.Bc3 g4 19.Qb3 h4 20.Kg2 Rh7 21.Rh1 Rah8 22.Raf1 Kg6 23.Be1 Qc8
24.Qc4 Qb7 25.b3 a5 26.gxh4 a4 27.b4 Qa8 28.h3 Qc8 29.hxg4 fxg4 30.f5+ Kh5
31.Rf4 Qd7 32.Bg3 Qd5 33.Rc1 Rb8 34.a3 Bd8 35.Qc2 Qb3 36.Qe2 Rg7 37.Ra1 Ra8
38.Rd1 Qd5 39.Rd2 Be7 40.Rb2 Rgg8 41.Qc2 Bf8 42.Rf1 Bh6 43.Bf4 Bxf4 44.Rxf4 Kxh4
45.Rb1 Kg5 46.Rh1 Rh8 47.Qe2 Qxf5 48.Rxf5+ Kxf5 49.Rf1+ Kg5 50.Qf2 Raf8 51.Qf5+ Kh6  1-0

[Event "WYCC Girls U16"]
[Site "Vung Tau City VIE"]
[Date "2008.10.24"]
[Round "6"]
[White "Trubitsyna,Y"]
[Black "Arig,B"]
[Result "1/2-1/2"]
[WhiteElo "1908"]
[BlackElo "1769"]

1.Nf3 d5 2.g3 Nf6 3.Bg2 c6 4.O-O Bg4 5.d3 Nbd7 6.Nbd2 e5 7.e4 Bd6 8.c3 O-O
9.Qc2 Re8 10.Re1 Qc7 11.h3 Bh5 12.Nh4 Bf8 13.Nf5 a5 14.Nf1 dxe4 15.dxe4 Nc5
16.Bg5 Nfd7 17.Nd2 Ne6 18.Be3 b5 19.Bf3 Bxf3 20.Nxf3 h6 21.Rad1 Rad8 22.Rd2 Ndc5
23.Red1 Rxd2 24.Rxd2 Rd8 25.Rxd8 Nxd8  1/2-1/2

[Event "12th Corsica Masters"]
[Site "Bastia/Ajaccio FRA"]
[Date "2008.10.25"]
[Round "2"]
[White "Auque,B"]
[Black "Malakhatko,V"]
[Result "0-1"]
[WhiteElo "1981"]
[BlackElo "2633"]

1.Nf3 d5 2.g3 Bg4 3.Bg2 Nd7 4.d4 e6 5.O-O Bd6 6.Nc3 c6 7.e4 Ne7 8.Re1 O-O
9.Be3 Bh5 10.Qd2 Bb4 11.e5 c5 12.a3 cxd4 13.Bxd4 Ba5 14.b4 Bc7 15.Nb5 Nc6
16.Nxc7 Qxc7 17.Bb2 Bxf3 18.Bxf3 Ndxe5 19.Qf4 Nxf3+ 20.Qxf3 Rad8 21.Rad1 Ne7
22.Qc3 Qxc3 23.Bxc3 Rc8 24.Rd3 Rc4 25.b5 Rfc8 26.Bb4 Nf5 27.c3 h5 28.h3 g5
29.Re5 Kg7 30.Kg2 Kg6 31.a4 g4 32.a5 a6 33.b6 R8c6 34.h4 f6 35.Re1 Kf7 36.f3 gxf3+
37.Rxf3 Rc8 38.Rxf5 exf5 39.Re7+ Kg6 40.Rxb7 d4 41.Rc7 R8xc7 42.bxc7 dxc3
43.Kf3 Rxh4 44.gxh4  0-1

[Event "III It"]
[Site "Zaragoza ESP"]
[Date "2008.10.25"]
[Round "8"]
[White "Reinaldo Castineira,R"]
[Black "Garza Marco,S"]
[Result "1-0"]
[WhiteElo "2516"]
[BlackElo "2394"]

1.Nf3 d5 2.g3 c6 3.Bg2 Nf6 4.O-O Bf5 5.d3 e6 6.Nbd2 h6 7.b3 Be7 8.Bb2 O-O
9.Re1 a5 10.a4 Na6 11.Ne5 Bh7 12.e4 Nb4 13.h4 Re8 14.Re2 Bf8 15.exd5 cxd5
16.Ndf3 Rc8 17.Bh3 Bc5 18.Nd4 Qb6 19.Nb5 Nc6 20.Qd2 Nd4 21.Bxd4 Bxd4 22.Rae1 Ne4
23.dxe4 Bxe5 24.exd5 Rxc2 25.Qe3 Rxe2 26.Rxe2 Qxe3 27.Rxe3 exd5 28.Nc7 d4
29.Re1 Rd8 30.Rxe5 d3 31.Rd5 Rxd5 32.Nxd5 d2 33.Ne3 Bc2 34.Bg4 Bxb3 35.Bd1 Bxd1
36.Nxd1 b5 37.axb5 a4 38.b6  1-0

[Event "IM"]
[Site "Petah Tiqwa ISR"]
[Date "2008.10.27"]
[Round "5"]
[White "Klenburg,M"]
[Black "Boruchovsky,A"]
[Result "1-0"]
[WhiteElo "2403"]
[BlackElo "2080"]

1.Nf3 d5 2.g3 Bg4 3.Bg2 c6 4.O-O Nf6 5.d4 Nbd7 6.Nbd2 e6 7.Re1 Bd6 8.e4 dxe4
9.Nxe4 Nxe4 10.Rxe4 Nf6 11.Re1 O-O 12.c3 Qc7 13.Qb3 Bxf3 14.Bxf3 e5 15.dxe5 Bxe5
16.Be3 Rfe8 17.Rad1 Nd7 18.Re2 Rad8 19.Kg2 Bd6 20.Bg5 Rb8 21.Red2 Nc5 22.Qc2 Ne6
23.Be3 Bc5 24.Bxc5 Nxc5 25.Qf5 Re5 26.Qxe5 Qxe5 27.Rd8+ Qe8 28.Rxe8+ Rxe8
29.b4 Na4 30.Rd7 Rb8 31.c4 Kf8 32.c5 Ke8 33.Rxb7 Rxb7 34.Bxc6+ Kd8 35.Bxb7 Nc3
36.a3 Nb1 37.Be4 Nxa3 38.Bd3 g6 39.Kf3 Kd7 40.Ke4  1-0